Länder mit genau 6 Buchstaben - Statistiken

Allgemein
  • Dieses Quiz wurde 114 mal gespielt
  • Das Durchschnittsergebnis liegt bei 7 aus 26
Antwortstatistiken
Land % Korrekt
Zypern
63%
Island
46%
Irland
45%
Indien
37%
Kanada
37%
Bhutan
34%
Angola
31%
Israel
31%
Mexiko
31%
Sambia
30%
Belize
28%
Gambia
27%
Tuvalu
27%
Kosovo
24%
Libyen
24%
Guinea
23%
Panama
23%
Ungarn
23%
Malawi
18%
Ruanda
18%
Tschad
17%
Uganda
15%
Monaco
14%
Guyana
13%
Kuwait
13%
Syrien
11%
Keine übereinstimmenden Quizze gefunden
Verteilung der Resultate
Anzahl Personen mit jedem Resultat
Perzentil nach korrekt beantworteten Fragen
Ihre Resultats-Entwicklung
Sie haben dieses Quiz noch nicht gespielt